Diseño de sistemas de trabajo
Đã lưu trong:
| Tác giả chính: | |
|---|---|
| Định dạng: | Sách |
| Ngôn ngữ: | Spanish |
| Được phát hành: |
México : Limusa
1994
|
| Những chủ đề: | |
| Các nhãn: |
Thêm thẻ
Không có thẻ, Là người đầu tiên thẻ bản ghi này!
|
MARC
| LEADER | 00000nam a2200000Ia 4500 | ||
|---|---|---|---|
| 003 | 002157 | ||
| 005 | 20240112154134.0 | ||
| 008 | 140114s1994 mx a 000 ||spa d | ||
| 040 | |c cru CEDI | ||
| 082 | |a 658.5 K82d | ||
| 100 | |a Konz, Stephan |9 18387 | ||
| 245 | |a Diseño de sistemas de trabajo | ||
| 260 | |a México : Limusa |c 1994 | ||
| 300 | |a 673 páginas : ilustraciones | ||
| 500 | |a Traduccion de: Work design. | ||
| 650 | |x INGENIERÍA INDUSTRIAL |x DISEÑO INDUSTRIAL |x INGENIERÍA DE LA PRODUCCIÓN |x DISEÑO DE SISTEMAS DE TRABAJO |9 21333 | ||
| 942 | |2 ddc |c LIBRO |h 658.5 K82d |i 002157 |6 658_500000000000000_K82D_002157 | ||
| 999 | |c 15087 |d 15087 | ||
